000 00554nam a22002057a 4500
003 0
005 20160609165317.0
008 100121t xxu||||| |||| 00| 0 eng d
022 _a1020-7244
040 _aBIDOC
_bfr
_cbidoc
110 _aFAO
_92975
245 _aCommission générale des pêches pour la Méditerranée
260 _aRome
_bFAO
_c2009
300 _avi-132 p.
_bcouv. ill. en coul.
_c30 cm.
440 _aRapport CGPM
_n33
_92976
650 _aPêche
_92977
650 _aNavire
_92978
650 _aMéditerranée
_92979
942 _cLIVR
999 _c46769
_d46769